Tilastot visalle Suomen euroviisuedustajat

Klikkaa tästä pelataksesi tätä visaa!

Yleistilastot

  • Tätä visaa on pelattu 175 kertaa
  • Keskiarvotulos 21 / 57

Vastaustilastot

VuosiEdustajaKappale% Oikein
2023KäärijäCha cha cha
95%
2006LordiHard Rock Hallelujah
92%
2022The RasmusJezebel
85%
2021Blind ChannelDark Side
74%
2018Saara AaltoMonsters
73%
1979Katri HelenaKatson sineen taivaan
72%
1993Katri HelenaTule luo
72%
1987Vicky Rosti & BoulevardSata salamaa
68%
2015Pertti Kurikan nimipäivätAina mun pitää
66%
1984KirkaHengaillaan
63%
2004Jari SillanpääTakes 2 to Tango
59%
2007Hanna PakarinenLeave Me Alone
56%
2019Darude & Sebastian RejmanLook Away
54%
2013Krista SiegfridsMarry Me
52%
1980Vesa-Matti LoiriHuilumies
52%
1973Marion RungTom tom tom
51%
1962Marion RungTipi-tii
51%
2008TeräsbetoniMissä miehet ratsastaa
51%
1994CatCatBye Bye Baby
50%
1967FrediVarjoon - suojaan
49%
1976Fredi & YstävätPump pump
49%
2002Laura VoutilainenAddicted to You
43%
2020Aksel KankaanrantaLooking Back
39%
1992Pave MaijanenYamma Yamma
39%
2010KuunkuiskaajatTyölki ellää
37%
1981Riki SorsaReggae OK
37%
1961Laila KinnunenValoa ikkunassa
33%
1989Anneli SaaristoLa dolce vita
31%
1982KojoNuku pommiin
31%
2011Paradise OskarDa Da Dam
31%
2009Waldo's PeopleLose Control
30%
2014SoftengineSomething Better
28%
1985Sonja LummeEläköön elämä
27%
1977Monica AspelundLapponia
23%
1983Ami AspelundFantasiaa
22%
2017Norma JohnBlackbird
21%
2016SandhjaSing It Away
21%
1965Viktor KlimenkoAurinko laskee länteen
21%
1964Lasse MårtenssonLaiskotellen
20%
2005Geir RönningWhy?
16%
1991Kaija KärkinenHullu yö
16%
2012Pernilla KarlssonNär jag blundar
15%
1975PihasoittajatViulu-ukko
15%
1990BeatFri?
14%
1996JasmineNiin kaunis on taivas
14%
1972Päivi Paunu & Kim FloorMuistathan
13%
1998EdeaAava
12%
2000Nina ÅströmA Little Bit
12%
1971Markku Aro & KoivistolaisetTie uuteen päivään
11%
1978Seija SimolaAnna rakkaudelle tilaisuus
11%
1969Jarkko ja LauraKuin silloin ennen
10%
1966Ann-ChristinePlayboy
9%
1974Carita HolmströmÄlä mene pois
9%
1988BoulevardNauravat silmät muistetaan
8%
1968Kristiina HautalaKun kello käy
8%
1986Kari KuivalainenPäivä kahden ihmisen
7%
1963Laila HalmeMuistojeni laulu
7%

Tulosjakauma

Persentiili vastausten määrän mukaan

Jokaisen tuloksen saaneiden osuus

Tuloshistoriasi

Et ole pelannut tätä visaa